Proyecto de conservación ordinaria por contrata de las carreteras provinciales y caminos vecinales de la provincia de Barcelona : año 1912 / Diputación Provincial de Barcelona año 1912 / Diputación Provincial de Barcelona
Descripción Física:
66p., 7 f. pleg. ; 22 cm
MARC
| LEADER | 00000nam a2200000Ia 4500 | ||
|---|---|---|---|
| 001 | 7871 | ||
| 008 | 160829s1912 xx 000 0 cat d | ||
| 080 | |a C-2-68 | ||
| 110 | 1 | |a Barcelona (Catalunya : Província). |b Diputació |9 52408 | |
| 245 | |a Proyecto de conservación ordinaria por contrata de las carreteras provinciales y caminos vecinales de la provincia de Barcelona : |b año 1912 / Diputación Provincial de Barcelona | ||
| 260 | |a Barcelona : |b (Imp. Casa Caritat), |c 1912 | ||
| 300 | |a 66p., 7 f. pleg. ; |c 22 cm | ||
| 650 | 0 | |a Carreteres |x Barcelona (Província) |x Manteniment i reparació |9 37124 | |
| 650 | 0 | |a Camins |z Barcelona (Província) |x Manteniment i reparació |9 37125 | |
| 901 | |a Arxiu | ||
| 942 | |n 1 | ||
| 952 | |0 0 |1 0 |4 0 |6 C268 |7 1 |9 47681 |a Arxiu |b Arxiu |d 2016-12-01 |l 0 |o C-2-68 |p 7871 |r 2016-12-01 00:00:00 |w 2016-12-01 |y ARXIU | ||
| 999 | |c 51480 |d 51480 | ||